[Event "Olympiad Women 2024"]
[Site "Budapest HUN"]
[Date "2024.09.18"]
[Round "7.72"]
[Board "1"]
[White "Pg Hj Janudin, Dk Siti Haziqah"]
[Black "Nihaya, Ahmed"]
[Result "0-1"]
[WhiteElo "1711"]
[BlackElo "1589"]
[PlyCount "84"]
[EventDate "2024.09.11"]
[WhiteTeam "Brunei Darussalam"]
[BlackTeam "Maldives"]
[BlackTeamCountry "MDV"]

1. d4 d5 2. c4 c6 3. cxd5 cxd5 4. Nc3 Nf6 5. Nf3 Nc6 6. Bf4 a6 7. e3 Bg4 8. Be2 e6 9. O-O Be7 10. a3 ({RR} 10. Rc1 Nd7 11. h3 Bh5 12. Qb3 Qb6 13. Nd2 Bxe2 14. Nxe2 Qxb3 15. Nxb3 f6 16. a3 Kf7 17. Rc2 Nb6 18. Rfc1 Nc4 19. Bg3 g5 20. e4 Rhd8 21. exd5 exd5 22. Nc3 b5 23. Ne2 f5 24. Be5 a5 {0-1 Melkumyan,H (2633)-Carlsen,M (2837) Wch Blitz Riadh 2017 (10)}) 10... h6 $146 ({RR} 10... O-O 11. b4 b5 12. Qb3 Ne4 13. Rfc1 Bxf3 14. Bxf3 Nd2 15. Qd1 Nc4 16. e4 dxe4 17. Bxe4 Rc8 18. d5 exd5 19. Nxd5 Bg5 20. Qh5 h6 21. Rd1 Bxf4 22. Nxf4 Qf6 23. Nd5 Qg5 24. Qxg5 hxg5 25. Bf5 {½-½ Schilling,A-Menge,M Verbandsliga Sued Baden 9495 1994 (5.8)}) ({RR} 10... O-O 11. Rc1 Bxf3 12. Bxf3 Nd7 13. e4 dxe4 14. Nxe4 Nf6 15. Nxf6+ Bxf6 16. Bxc6 bxc6 17. Rxc6 Bxd4 18. b4 Qf6 19. Bg3 Rfd8 20. Qa4 h5 21. h4 Qg6 22. Kh2 Qd3 23. Rd1 Qe2 24. Qc2 Qg4 25. f3 {1-0 Sevostianov,V (2107)-Iskusnyh,S (2440) Titled Tue 19th Dec Early 2023 (9)}) ({RR} 10... O-O 11. b4 Rc8 12. Qb3 Ne4 13. Rfc1 Bxf3 14. gxf3 Nd6 15. Na4 Bg5 16. Bg3 Nxd4 17. Qd3 Nxe2+ 18. Qxe2 Bf6 19. Rab1 Nc4 20. Rb3 Nxa3 21. Nc5 Nb5 22. Qd2 Qe7 23. e4 b6 24. Nxa6 Qb7 25. e5 {0-1 Volodin,V (2330)-Fuksik,J (2230) Pardubice KB op 1996 (6)}) ({RR} 10... O-O 11. Qc2 Rc8 12. Qd2 Na5 13. Rab1 Nc4 14. Bxc4 Rxc4 15. Ne5 Rc8 16. Rbc1 Bf5 17. Ne2 Ne4 18. Qd1 Rxc1 19. Qxc1 Qc8 20. Ng3 Nxg3 21. Bxg3 Bc2 22. Qd2 Ba4 23. Rc1 Qd8 24. Qc3 Bd6 25. Nd3 {1-0 Bilciu,C-Izdebska,M Wch U12 Girls 1991 (1)}) 11. Qc2 Bf5 12. Bd3 Bxd3 13. Qxd3 O-O 14. Rfe1 Qd7 15. e4 dxe4 16. Nxe4 Rfd8 17. Rad1 Nxe4 18. Qxe4 Qd5 19. Re3 Rd7 20. Ne5 Nxe5 21. Bxe5 Rad8 22. Qg4 f6 23. Rg3 g5 24. Qh5 Qe4 25. Qxh6 fxe5 26. Qxe6+ Kg7 27. Rh3 Bf6 28. Rf3 Rd6 29. Qh3 g4 30. Rg3 Rxd4 31. Qxg4+ Qxg4 32. Rxg4+ Rxg4 33. Rxd8 Bxd8 34. h3 Rc4 35. Kf1 Rc1+ 36. Ke2 Rc2+ 37. Kf3 Rxb2 38. Ke4 Rxf2 39. g4 Re2+ 40. Kf5 e4 41. g5 e3 42. h4 Rh2 0-1

[Event "Olympiad Women 2024"]
[Site "Budapest HUN"]
[Date "2024.09.18"]
[Round "7.72"]
[Board "3"]
[White "Redzuan, Nur Ainul Mardhiah"]
[Black "Aishath Iva Hassan"]
[Result "0-1"]
[WhiteElo "1481"]
[BlackElo "1422"]
[PlyCount "70"]
[EventDate "2024.09.11"]
[WhiteTeam "Brunei Darussalam"]
[BlackTeam "Maldives"]
[BlackTeamCountry "MDV"]

1. e4 c6 2. d4 d5 3. Nc3 dxe4 4. Nxe4 Nf6 5. Ng3 e5 6. c3 ({RR} 6. Nf3 exd4 7. Bc4 Bb4+ 8. Bd2 Qe7+ 9. Ne2 O-O 10. O-O Bxd2 11. Qxd2 c5 12. Rfe1 Qc7 13. c3 dxc3 14. Nxc3 a6 15. a4 Nc6 16. Rad1 Bg4 17. Qg5 Bxf3 18. gxf3 Nd4 19. Qg2 Qf4 20. Rd3 Rfe8 {1-0 Lugovskoy,M (2445)-Gonzaga Garcia,G (2352) Titled Tuesday intern op 2nd April blitz 2019 (1)}) 6... exd4 7. cxd4 c5 $146 ({RR} 7... Bb4+ 8. Bd2 Qxd4 9. Qe2+ Be6 10. Bxb4 Qxb4+ 11. Qd2 Qxd2+ 12. Kxd2 Nbd7 13. Nf3 O-O-O 14. Kc2 Nc5 15. Be2 Rhe8 16. Rhe1 h6 17. h3 Nfe4 18. b4 Nxg3 19. fxg3 Bf5+ 20. Kb2 Na4+ 21. Kc1 Re3 22. Bd3 {0-1 Yates,F-Forsberg,B Yates sim New York 1924}) ({RR} 7... Bb4+ 8. Ke2 O-O 9. Be3 Re8 10. h3 b6 11. f3 Nd5 12. Ne4 f5 13. Bg5 {0-1 Sabar,E (2040)-Jiganchine,R (2205) Titled Tue 24th Jan Late 2023 (8)}) ({RR} 7... Bb4+ 8. Bd2 Qxd4 9. Nf3 Bxd2+ 10. Nxd2 O-O 11. Be2 Rd8 12. Nf3 Qxd1+ 13. Bxd1 Na6 14. O-O Be6 15. Be2 Nb4 16. a3 Nd3 17. b4 Nf4 18. Bd1 Bc4 19. Re1 Re8 20. Bc2 Ne2+ 21. Nxe2 Rxe2 22. Rxe2 {0-1 Kelbling,P (1519)-Reichelt,M (1988) Unna op 2003 (1)}) ({RR} 7... Bb4+ 8. Bd2 Qxd4 9. Nf3 Qxb2 10. Bxb4 Qxb4+ 11. Nd2 O-O 12. Be2 Rd8 13. Rb1 Qa5 14. Rb2 Qe5 15. Rc2 Bg4 16. f3 Be6 17. O-O Nd5 18. Nc4 Qc7 19. Qc1 b5 20. Na3 Qb6+ 21. Rf2 Nb4 22. Rb2 {0-1 Karastoyanov,M-Dimitrov,R (2388) Albena op 2009 (1)}) 8. Nf3 cxd4 9. Nxd4 Bc5 10. Be3 Qa5+ 11. Bd2 Qb6 12. Bc3 O-O 13. Bc4 Nc6 14. Nge2 Rd8 15. Qd2 Bxd4 16. Nxd4 Nxd4 17. Bxd4 Qxd4 18. Qxd4 Rxd4 19. b3 Bf5 20. O-O Rad8 21. Rac1 g6 22. h3 Bd3 23. Bxd3 Rxd3 24. Rfe1 Rd2 25. Rc7 Rd1 26. Kf1 Rxe1+ 27. Kxe1 Rd7 28. Rc3 Kg7 29. a4 Ne4 30. Re3 Nc5 31. a5 Rd6 32. b4 Nd3+ 33. Ke2 Nxb4 34. Rb3 Rd4 35. Ke3 Rc4 0-1

[Event "Olympiad Women 2024"]
[Site "Budapest HUN"]
[Date "2024.09.18"]
[Round "7.72"]
[Board "4"]
[White "Aini Munthazim"]
[Black "Zakaria, Liyana"]
[Result "1/2-1/2"]
[WhiteElo "1536"]
[BlackElo "1520"]
[PlyCount "141"]
[EventDate "2024.09.11"]
[WhiteTeam "Maldives"]
[BlackTeam "Brunei Darussalam"]
[WhiteTeamCountry "MDV"]

1. e4 d6 2. d4 Nf6 3. Nc3 Nbd7 4. f4 e5 5. Nf3 exd4 6. Qxd4 c6 7. a4 d5 8. e5 ({RR} 8. exd5 Bc5 9. Qd3 O-O 10. Be3 Re8 11. Ne5 Nxe5 {0-1 Rosh,J (2131)-Chernov,A (2314) Titled Tue 2nd Apr Early 2024 (4)}) 8... Bc5 9. Qd2 $146 ({RR} 9. Qd1 Ng4 10. Qe2 Bf2+ 11. Kd1 Bc5 12. Ke1 O-O 13. h3 Nf2 14. Rh2 f6 15. Be3 Ne4 16. Nxe4 dxe4 17. Qc4+ Kh8 18. Bxc5 Nxc5 19. Qxc5 exf3 20. Rd1 Qe8 21. g4 fxe5 22. Qxe5 Qf7 23. Kf2 Be6 {0-1 Podlesnik,B (2410)-Sekulic,V (2279) Bar op 2007 (9)}) ({RR} 9. Qd3 Ng4 10. Nd1 f6 11. h3 Nh6 12. e6 Qe7 13. f5 Ne5 14. Nxe5 fxe5 15. Bxh6 Qh4+ 16. g3 Qxh6 17. Qd2 Qf6 18. g4 O-O 19. Ke2 Qh4 20. Qe1 Qh6 21. Qd2 Qxd2+ 22. Kxd2 g6 23. b4 Bxb4+ {0-1 Jakubowski,K (2510)-Motylev,A (2677) EU-ch blitz Warsaw 2012 (3)}) ({RR} 9. Qd3 Ng4 10. Nd1 Qe7 11. h3 Nh6 12. Be3 f6 13. exf6 Nxf6 14. Be2 O-O 15. Bxc5 Qxc5 16. Nc3 Qb4 17. Qd4 Qxb2 18. O-O Nf5 19. Qd2 Qb6+ 20. Kh2 Qe3 21. Bd3 Qxd2 22. Nxd2 Bd7 23. a5 Rae8 {0-1 Kozlov,S (2340)-Novikov,M (2511) Russia Central-ch 2013 (3)}) ({RR} 9. Qd3 Ng4 10. Nd4 Ngxe5 11. fxe5 Qh4+ 12. g3 Qxd4 13. Bf4 Qf2+ 14. Kd1 O-O 15. Ne2 Re8 16. Qc3 a5 17. Bh3 Bb4 18. Qb3 Nc5 {0-1 Gretarsdottir,L (2046)-Lallemand,R (2287) EU-chT (Women) 15th 2005 (8)}) 9... Ng4 10. Nd4 Nb6 11. b3 Qe7 12. a5 Bxd4 13. Qxd4 Nd7 14. Be2 Nh6 15. g4 Qh4+ 16. Qf2 Qxf2+ 17. Kxf2 Nc5 18. h3 O-O 19. b4 Ne4+ 20. Nxe4 dxe4 21. Ke3 Be6 22. f5 Bd5 23. c4 Rac8 24. cxd5 cxd5 25. Kd4 Rc2 26. Bf1 Rd8 27. Bg5 f6 28. exf6 Nf7 29. Be3 Rb2 30. Kc5 Rc2+ 31. Kd4 Rb2 32. b5 gxf6 33. Rg1 Ne5 34. Kc3 Rh2 35. Rd1 Rc8+ 36. Kb4 Rb2+ 37. Ka3 Rcc2 38. Bd4 Ra2+ 39. Kb3 Nf3 40. Rg3 Nxd4+ 41. Rxd4 Rab2+ 42. Ka4 Rc1 43. Ka3 Rf2 44. Bg2 Rcc2 45. Bxe4 dxe4 46. Rxe4 Ra2+ 47. Kb4 Rfb2+ 48. Rb3 Rxb3+ 49. Kxb3 Rxa5 50. Kb4 b6 51. h4 h6 52. Re6 Kf7 53. Rc6 Ra1 54. Rc7+ Kg8 55. Rd7 a6 56. bxa6 Rxa6 57. Kb5 Ra1 58. Kxb6 Re1 59. Rd6 Kf7 60. Kc7 Re4 61. g5 hxg5 62. hxg5 fxg5 63. Rg6 g4 64. Kd6 g3 65. Rxg3 Kf6 66. Rg8 Kxf5 67. Rf8+ Kg6 68. Kd5 Re1 69. Rf4 Kg5 70. Re4 Rxe4 71. Kxe4 1/2-1/2

[Event "Olympiad Women 2024"]
[Site "Budapest HUN"]
[Date "2024.09.19"]
[Round "8.1"]
[Board "1"]
[White "Kashlinskaya, Alina"]
[Black "Dronavalli, Harika"]
[Result "1-0"]
[WhiteElo "2490"]
[BlackElo "2502"]
[PlyCount "135"]
[EventDate "2024.09.11"]
[WhiteTeam "Poland"]
[BlackTeam "India"]
[WhiteTeamCountry "POL"]
[BlackTeamCountry "IND"]

1. d4 d5 2. c4 e6 3. Nc3 Nf6 4. Nf3 c5 5. cxd5 cxd4 6. Qxd4 exd5 7. Bg5 Be7 8. e3 O-O 9. Rd1 Nc6 10. Qa4 Bb4 11. Bb5 h6 12. Bh4 g5 13. Bxc6 Bxc3+ 14. bxc3 bxc6 15. Bg3 Ne4 16. Qxc6 Be6 17. Be5 $146 ({RR} 17. O-O Rc8 18. Qa6 Nxc3 19. Rd2 Qb6 20. Qxb6 axb6 21. Rb2 b5 22. Nd4 Rc4 23. Nxb5 Nxb5 24. Rxb5 Ra8 25. Be5 Rxa2 26. Rb8+ Rc8 27. Rxc8+ Bxc8 28. h3 Be6 29. Rb1 Ra8 30. Rb7 Kh7 31. Bd4 Kg6 {1-0 Khismatullin,D (2594)-Deac,B (2700) Titled Tue 14th Mar Late 2023 (7)}) 17... Qc8 18. Nd4 Nxc3 19. Rd2 Ne4 20. Rc2 Qxc6 21. Nxc6 f6 22. Bd4 Rf7 23. O-O a6 24. Rfc1 Nd6 25. Bc5 Nf5 26. g4 Bd7 27. Ba3 Nh4 28. Ne7+ Kg7 29. h3 h5 30. Nxd5 hxg4 31. Nb6 Nf3+ 32. Kg2 Nh4+ 33. Kh2 Rd8 34. Nxd7 Rfxd7 35. hxg4 Kg6 36. Kg3 Rd1 37. Bb2 Rxc1 38. Rxc1 Rd6 39. a4 f5 40. gxf5+ Nxf5+ 41. Kf3 Rd2 42. Be5 Nh4+ 43. Kg4 Rxf2 44. Rc6+ Kf7 45. Rxa6 Rg2+ 46. Kh5 Re2 47. Bd4 Ng2 48. Kg4 Re1 49. Rf6+ Ke7 50. Rf3 Rg1 51. Kh5 Ne1 52. Rf5 Nc2 53. Bb6 g4 54. e4 Re1 55. a5 g3 56. a6 g2 57. Rg5 Rh1+ 58. Kg6 Ra1 59. a7 Ne1 60. Kh7 Kd7 61. Rg8 Kc6 62. Bd4 Ra3 63. a8=Q+ Rxa8 64. Rxa8 Nf3 65. Be3 g1=Q 66. Bxg1 Nxg1 67. Kg6 Nf3 68. Kf6 1-0

[Event "Olympiad Women 2024"]
[Site "Budapest HUN"]
[Date "2024.09.19"]
[Round "8.1"]
[Board "2"]
[White "Vaishali, Rameshbabu"]
[Black "Socko, Monika"]
[Result "0-1"]
[WhiteElo "2498"]
[BlackElo "2422"]
[PlyCount "82"]
[EventDate "2024.09.11"]
[WhiteTeam "India"]
[BlackTeam "Poland"]
[WhiteTeamCountry "IND"]
[BlackTeamCountry "POL"]

1. e4 c6 2. d4 d5 3. e5 c5 4. Nf3 cxd4 5. Nxd4 Nc6 6. Nxc6 bxc6 7. Bd3 e6 8. O-O Ne7 9. Nd2 Ng6 10. Nf3 Be7 11. c3 O-O 12. Re1 ({RR} 12. Qa4 c5 13. Qg4 Rb8 14. Qh5 Rb6 15. Rd1 Ba6 16. Bc2 Be2 17. Re1 Bxf3 18. Qxf3 Bg5 19. b3 Bxc1 20. Raxc1 Qg5 21. Qe2 Nf4 22. Qf3 f5 23. exf6 Rxf6 24. Rcd1 Rb8 25. Qg3 Qh5 26. Kh1 Rbf8 {½-½ Brunello,M (2345)-Atalik,E (2405) Eva Moser Mem 2024 (4.5)}) 12... c5 13. Qa4 $146 ({RR} 13. b3 Bb7 14. Qe2 a5 15. Rb1 Bc6 16. Bd2 Qc7 17. h4 Rfd8 18. h5 Nf8 19. h6 g6 20. Nh2 d4 21. c4 a4 22. b4 cxb4 23. Bxb4 Bxb4 24. Rxb4 Nd7 25. Ng4 Rdb8 26. Qd2 Qd8 27. Reb1 Rxb4 {½-½ Giri,A (2764)-Stefanova,A (2462) Titled Tuesday intern op 26th May blitz 2020 (6)}) 13... Bb7 14. Qg4 d4 15. c4 a5 16. Re2 Ra6 17. Ng5 Qc7 18. h4 Bxg5 19. Bxg5 Nxe5 20. Qg3 f6 21. Bf4 Rb6 22. h5 Qf7 23. Bxe5 fxe5 24. b3 e4 25. Bxe4 Qxh5 26. Rae1 Bxe4 27. Rxe4 a4 28. Re5 Qf7 29. Rxc5 axb3 30. axb3 Rxb3 31. f3 d3 32. Qd6 Qf6 33. Rd1 Rd8 34. Qe5 Qxe5 35. Rxe5 Kf7 36. Rc5 Rb2 37. Rc7+ Kf6 38. Kh2 Rc2 39. Kg3 h5 40. Rc5 h4+ 41. Kxh4 d2 0-1

[Event "Olympiad Women 2024"]
[Site "Budapest HUN"]
[Date "2024.09.19"]
[Round "8.1"]
[Board "3"]
[White "Maltsevskaya, Aleksandra"]
[Black "Divya, Deshmukh"]
[Result "0-1"]
[WhiteElo "2404"]
[BlackElo "2483"]
[PlyCount "128"]
[EventDate "2024.09.11"]
[WhiteTeam "Poland"]
[BlackTeam "India"]
[WhiteTeamCountry "POL"]
[BlackTeamCountry "IND"]

1. Nf3 Nf6 2. c4 c5 3. g3 Nc6 4. Bg2 d6 5. d4 cxd4 6. Nxd4 Bd7 7. O-O g6 8. b3 Bg7 9. Bb2 h5 10. Nc3 h4 ({RR} 10... Qc8 11. Nxc6 Bxc6 12. Nd5 Bxd5 13. Bxd5 h4 14. Bg2 hxg3 15. hxg3 Rb8 16. e3 Kf8 17. Rc1 b6 18. Bxf6 Bxf6 19. Qf3 Kg7 20. Rfd1 Qa6 21. a4 Rbc8 22. Rd5 Rc5 23. Qd1 Qa5 24. Qe1 Rxd5 25. Bxd5 {½-½ Cvek,R (2467)-Janik,I (2503) TCh-CZE Extraliga 2023-24 (7.4)}) 11. Nxc6 Bxc6 12. Nd5 Bxd5 $146 ({RR} 12... Kf8 13. Nxf6 Bxf6 14. Bxf6 exf6 15. e4 hxg3 16. hxg3 Kg7 17. Qd4 Qa5 18. Bf3 Rh6 19. Qxd6 Rah8 20. Rfe1 Qf5 21. Qf4 Qxf4 22. gxf4 Rh4 23. Kg2 Rxf4 24. Kg3 Rhh4 25. Re3 f5 26. Rh1 Rxf3+ 27. Kxh4 {0-1 Hausrath,D (2503)-Akopian,V (2648) Wch Rapid Berlin 2015 (6)}) 13. cxd5 hxg3 14. hxg3 Qa5 15. Qd3 O-O 16. a4 Rfc8 17. Rfc1 Rab8 18. Bf3 a6 19. Kg2 Rxc1 20. Rxc1 b5 21. Bc3 Qd8 22. Bd4 bxa4 23. bxa4 Qa5 24. Rc4 Nd7 25. Bxg7 Kxg7 26. Qe3 Ne5 27. Rh4 Rh8 28. Rxh8 Kxh8 29. Be4 Qxa4 30. f4 Ng4 31. Qc3+ Nf6 32. Bf3 Kh7 33. f5 g5 34. Kh2 Qd7 35. Qe3 g4 36. Bg2 Qc7 37. Qg5 Qc8 38. Qh4+ Kg7 39. Qg5+ Kh7 40. Qh4+ Kg7 41. Qg5+ Kf8 42. e4 Ke8 43. Qf4 Qc3 44. Qh6 Nd7 45. Qg5 Ne5 46. Qg8+ Kd7 47. Qa8 Qc8 48. Qa7+ Ke8 49. Qf2 f6 50. Qa2 Kf7 51. Qd2 Kg7 52. Qa2 Qb7 53. Qa5 Kf7 54. Qd2 Qb6 55. Qh6 Kg8 56. Qh5 Qb8 57. Kh1 Kg7 58. Kg1 a5 59. Bf1 a4 60. Bc4 a3 61. Ba2 Qb2 62. Qe8 Nf3+ 63. Kf1 Qc1+ 64. Ke2 Qd2+ 0-1

[Event "Olympiad Women 2024"]
[Site "Budapest HUN"]
[Date "2024.09.19"]
[Round "8.1"]
[Board "4"]
[White "Vantika, Agrawal"]
[Black "Sliwicka, Alicja"]
[Result "1/2-1/2"]
[WhiteElo "2370"]
[BlackElo "2373"]
[PlyCount "157"]
[EventDate "2024.09.11"]
[WhiteTeam "India"]
[BlackTeam "Poland"]
[WhiteTeamCountry "IND"]
[BlackTeamCountry "POL"]

1. d4 d5 2. c4 e6 3. Nf3 Nf6 4. g3 Be7 5. Bg2 O-O 6. O-O c6 7. Nc3 a5 8. b3 b6 9. Bb2 Ba6 10. Nd2 b5 11. c5 b4 12. Na4 Nbd7 13. Re1 Bb5 14. e4 dxe4 15. Nxe4 Nxe4 16. Bxe4 Qc7 17. Qc2 ({RR} 17. Qf3 Rac8 18. h4 Bxa4 19. bxa4 Nf6 20. Bc2 Nd5 21. Rad1 Rcd8 22. h5 Bf6 23. Bb3 Bg5 24. Kg2 Rd7 25. Re5 Bh6 26. Bc2 Rfd8 27. Re4 Bg5 28. Qd3 h6 29. Ree1 Bf6 30. f4 Nc3 31. Bxc3 bxc3 {½-½ Berin,A (2237)-Craciun,S (2135) 32nd EY Open U16 2024 (4.24)}) 17... h6 $146 ({RR} 17... g6 18. h4 f5 19. Bd3 f4 20. Rxe6 fxg3 21. Rxe7 Rf3 22. Bc4+ Bxc4 23. Qxc4+ Kf8 24. Re2 gxf2+ 25. Rxf2 Rxf2 26. Kxf2 Qh2+ 27. Kf1 Re8 28. Qd3 Re7 29. d5 Rf7+ 30. Ke1 Qg1+ 31. Kd2 Rf2+ 32. Ke3 {0-1 Mis,M (2412)-Zaragatski,I (2509) Reinstorf op 2022 (9)}) 18. Bh7+ Kh8 19. Bd3 Rad8 20. Rad1 Bxa4 21. bxa4 Nf6 22. Qe2 Rd5 23. h4 Rfd8 24. Bc4 R5d7 25. Qf3 Kg8 26. Bd3 Nd5 27. Bc2 Bf6 28. Re4 g6 29. h5 g5 30. Kg2 Bg7 31. Bb3 Re7 32. Ree1 Qd7 33. Re4 Qe8 34. Re2 f5 35. Rde1 g4 36. Qd3 Qf7 37. Kg1 Nc7 38. Re3 Rde8 39. a3 bxa3 40. Bxa3 Rd8 41. Bb2 Kh8 42. Bc3 Rdd7 43. R3e2 Qf6 44. Bxa5 Rxd4 45. Qc2 Rd8 46. Bxc7 Rxc7 47. Rxe6 Qf8 48. a5 Rcd7 49. R1e2 Rd3 50. Rd6 R3xd6 51. cxd6 f4 52. Qg6 Rxd6 53. Qxg4 fxg3 54. fxg3 Rf6 55. Kg2 Qa8 56. Qe4 Qxa5 57. Qe8+ Rf8 58. Qg6 Qf5 59. Qxf5 Rxf5 60. g4 Rf8 61. Re6 Rf6 62. Re8+ Rf8 63. Re7 c5 64. Rc7 Bd4 65. Rc6 Kg7 66. Bd5 Rf6 67. Rc7+ Kf8 68. Rb7 Ke8 69. Be4 Ra6 70. Bg6+ Kd8 71. Kf3 Bf6 72. Ke4 Rd6 73. Rh7 Bg5 74. Bf5 Rd4+ 75. Ke5 Bf4+ 76. Ke6 Rd6+ 77. Kf7 Kc7 78. Rh8 Kb6 79. Rb8+ 1/2-1/2

[Event "Olympiad Women 2024"]
[Site "Budapest HUN"]
[Date "2024.09.19"]
[Round "8.2"]
[Board "1"]
[White "Gaal, Zsoka"]
[Black "Osmak, Yuliia"]
[Result "1/2-1/2"]
[WhiteElo "2385"]
[BlackElo "2471"]
[PlyCount "120"]
[EventDate "2024.09.11"]
[WhiteTeam "Hungary"]
[BlackTeam "Ukraine"]
[WhiteTeamCountry "HUN"]
[BlackTeamCountry "UKR"]

1. d4 d5 2. c4 dxc4 3. Nf3 Nf6 4. e3 e6 5. Bxc4 a6 6. O-O c5 7. Be2 Nbd7 8. b3 Be7 9. Bb2 O-O 10. Nbd2 b6 11. Rc1 Bb7 12. Qc2 ({RR} 12. Nc4 b5 13. Nce5 cxd4 14. Bxd4 Rc8 15. Rxc8 Qxc8 16. Qa1 Nxe5 17. Nxe5 Qa8 18. Bf3 Rc8 19. a4 Bxf3 20. Nxf3 Qd5 21. axb5 axb5 22. Qb1 h6 23. h3 Qe4 24. Qxe4 Nxe4 25. Ra1 f6 26. Ne1 e5 {0-1 Toktomushev,T (2266)-Rustemov,A (2525) Titled Tue 2nd Apr Early 2024 (1)}) 12... Rc8 13. Qb1 cxd4 14. Nxd4 Bb4 $146 ({RR} 14... Rxc1 15. Rxc1 Qa8 16. Bf3 Bxf3 17. N2xf3 Rc8 18. h3 h6 19. Rc2 Nd5 20. a3 a5 21. Qc1 Rc5 22. Ne1 Qc8 23. Nd3 Rxc2 24. Qxc2 Qxc2 25. Nxc2 f6 26. Kf1 e5 27. e4 Nc7 28. Bc1 Ne6 29. Be3 {½-½ Maghsoodloo,P (2701)-Aronian,L (2772) Wch Rapid Warsaw 2021 (1)}) 15. Rfd1 Rxc1 16. Qxc1 Qa8 17. Bf3 Rc8 18. Qb1 Nd5 19. a3 Bf8 20. Nc4 h6 21. h3 N5f6 22. Rc1 Bd5 23. Qa1 Qb7 24. Bxd5 Qxd5 25. Nd2 Rxc1+ 26. Qxc1 Nc5 27. Qc2 b5 28. b4 Nce4 29. N2f3 Nd6 30. a4 Nc4 31. axb5 axb5 32. Bc3 e5 33. Ne2 Bd6 34. Be1 e4 35. Nfd4 Qe5 36. Ng3 h5 37. Qa2 Qd5 38. Ngf5 g6 39. Nxd6 Nxd6 40. Qa6 Nfe8 41. Bc3 Qc4 42. Qa1 Nc7 43. Nc2 Nde8 44. Na3 Qd3 45. Be5 Qd2 46. Qb1 Qd5 47. Qb2 Kh7 48. Qc3 Ne6 49. Kh1 h4 50. Nc2 g5 51. Bd4 Nd6 52. Qa1 Qb3 53. Qd1 Kg6 54. Ba1 Nc4 55. f4 exf3 56. Qxf3 Qxc2 57. Qf6+ Kh5 58. Qh8+ Kg6 59. Qf6+ Kh5 60. Qh8+ Kg6 1/2-1/2

[Event "Olympiad Women 2024"]
[Site "Budapest HUN"]
[Date "2024.09.19"]
[Round "8.2"]
[Board "2"]
[White "Ushenina, Anna"]
[Black "Hoang, Thanh Trang"]
[Result "1-0"]
[WhiteElo "2417"]
[BlackElo "2351"]
[PlyCount "161"]
[EventDate "2024.09.11"]
[WhiteTeam "Ukraine"]
[BlackTeam "Hungary"]
[WhiteTeamCountry "UKR"]
[BlackTeamCountry "HUN"]

1. d4 d5 2. c4 e6 3. Nc3 a6 4. cxd5 exd5 5. Bf4 Nf6 6. e3 Bd6 7. Bg5 c6 8. Bd3 O-O 9. Nge2 Re8 10. Qc2 h6 11. Bh4 Be6 ({RR} 11... Nbd7 12. Rb1 Qc7 13. Bg3 Nf8 14. b4 Bg4 15. a4 Bxe2 16. Nxe2 Ne6 17. O-O h5 18. b5 axb5 19. axb5 h4 20. b6 Qb8 21. Bxh4 Bxh2+ 22. Kh1 g5 23. Bg3 Bxg3 24. Nxg3 Ng7 25. Ra1 Rxa1 26. Rxa1 {1-0 Maghsoodloo,P (2699)-Andreikin,D (2729) Chess.com Rapid Wk8 Swiss 2022 (4)}) 12. h3 ({RR} 12. f3 c5 13. dxc5 Bxc5 14. Bf2 Nc6 15. O-O d4 16. exd4 Nxd4 17. Nxd4 Bxd4 18. Rad1 Bxf2+ 19. Qxf2 Qa5 20. a3 Rad8 21. Bc2 b5 22. Rxd8 Rxd8 23. Rd1 Rc8 24. Qd4 Qc7 25. Qd6 Qa7+ 26. Qd4 Qb7 {0-1 Pesotskiy,M (2155)-Svane,R (2633) Titled Tue 13th Aug Early 2024 (2)}) 12... Nbd7 13. O-O $146 ({RR} 13. f4 Nb6 14. O-O-O Bd7 15. g4 Rxe3 16. Rdf1 Rc8 17. Qd2 Re8 18. Ng3 c5 19. g5 cxd4 20. gxf6 dxc3 21. Qg2 cxb2+ 22. Kb1 Bxh3 23. Rxh3 Rc1+ 24. Kxb2 Ba3+ 25. Kxa3 Nc4+ 26. Bxc4 Qa5+ 27. Kb2 Qc3# {0-1 Ioannidis,E (2413)-Chylewski,P (2391) Katowice GM 2019 (1)}) 13... Rc8 14. Rad1 Nf8 15. a3 Be7 16. f3 c5 17. Bf2 b5 18. Qd2 Qb6 19. dxc5 Bxc5 20. b4 Bd6 21. Bb1 Qb8 22. f4 Rcd8 23. Nd4 Qb7 24. Qd3 Ne4 25. Nxe6 Rxe6 26. Qxd5 Qxd5 27. Nxd5 Nxf2 28. Kxf2 Ree8 29. Kf3 Ne6 30. Rd2 Nc7 31. Rfd1 Nxd5 32. Rxd5 Be7 33. Rd7 Kf8 34. Be4 Bf6 35. Bb7 Rxd7 36. Rxd7 Re6 37. Bd5 Re7 38. Rd6 Ra7 39. Bc6 a5 40. Bxb5 axb4 41. axb4 Rb7 42. Rd5 Ke7 43. Rc5 Bb2 44. e4 Ba3 45. Re5+ Kf6 46. Rf5+ Ke7 47. Bc4 f6 48. b5 Rc7 49. Bd3 Rc5 50. Rxc5 Bxc5 51. e5 fxe5 52. fxe5 Bb6 53. Ke4 Bc7 54. Kd5 g5 55. Bf5 h5 56. Bg6 h4 57. Bf5 Bb6 58. Bg4 Bc7 59. Ke4 Bb6 60. Kf5 Be3 61. Bh5 Bf2 62. Be2 Be3 63. Bc4 Bd4 64. Kxg5 Bxe5 65. Kxh4 Bd4 66. Kg5 Kf8 67. Kg6 Bf2 68. g4 Ke7 69. Kf5 Kf8 70. g5 Kg7 71. Kg4 Bd4 72. h4 Be3 73. Kf5 Bf2 74. h5 Be3 75. h6+ Kh8 76. Kg4 Kh7 77. Bd3+ Kh8 78. Kh5 Kg8 79. g6 Bd4 80. Bc4+ Kh8 81. g7+ 1-0

[Event "Olympiad Women 2024"]
[Site "Budapest HUN"]
[Date "2024.09.19"]
[Round "8.2"]
[Board "3"]
[White "Papp, Petra"]
[Black "Buksa, Nataliya"]
[Result "1/2-1/2"]
[WhiteElo "2259"]
[BlackElo "2387"]
[PlyCount "51"]
[EventDate "2024.09.11"]
[WhiteTeam "Hungary"]
[BlackTeam "Ukraine"]
[WhiteTeamCountry "HUN"]
[BlackTeamCountry "UKR"]

1. d4 d5 2. Nf3 Nf6 3. Bf4 c5 4. e3 Nc6 5. Nbd2 cxd4 6. exd4 Qb6 7. Nb3 Bf5 8. c3 e6 9. a4 a6 10. a5 Qd8 11. Bd3 Bxd3 12. Qxd3 Be7 13. O-O O-O 14. h3 Nd7 15. Ra2 $146 ({RR} 15. Nfd2 b6 16. axb6 Qxb6 17. Ra2 Qb5 18. Qxb5 axb5 19. Rfa1 Rxa2 20. Rxa2 Rc8 21. Ra6 b4 22. Kf1 bxc3 23. bxc3 g5 24. Bg3 f5 25. f3 Kf7 26. Ra2 h5 27. Ke2 Nf8 28. Kd1 Ng6 29. Nc1 Bd8 {0-1 Gholami,A (2507)-Maghsoodloo,P (2676) IRI-ch Teheran 2021 (15)}) ({RR} 15. Rfe1 Re8 16. g3 Bf6 17. h4 g6 18. h5 Rc8 19. hxg6 hxg6 20. Kg2 Kg7 21. Rh1 Qe7 22. Bh6+ Kg8 23. Rae1 Qd8 24. Qd2 Ne7 25. g4 Rc4 26. Bg5 Nc8 27. Qf4 e5 28. Bxf6 Qxf6 29. Qxf6 Nxf6 {1-0 Darini,P (2399)-Amburgy,R (2253) Titled Tue 30th Jul Early 2024 (6)}) 15... b6 16. axb6 Qxb6 17. Nbd2 a5 18. Rfa1 Ra7 19. h4 h6 20. Qe2 Rb7 21. Nf1 Qb5 22. Qd2 Kh7 23. Qc2+ Kg8 24. Qd2 Kh7 25. Qc2+ Kg8 26. Qd2 1/2-1/2

[Event "Olympiad Women 2024"]
[Site "Budapest HUN"]
[Date "2024.09.19"]
[Round "8.2"]
[Board "4"]
[White "Doluhanova, Evgeniya"]
[Black "Lazarne Vajda, Szidonia"]
[Result "1/2-1/2"]
[WhiteElo "2304"]
[BlackElo "2283"]
[PlyCount "73"]
[EventDate "2024.09.11"]
[WhiteTeam "Ukraine"]
[BlackTeam "Hungary"]
[WhiteTeamCountry "UKR"]
[BlackTeamCountry "HUN"]

1. c4 Nf6 2. Nf3 c6 3. e3 d5 4. b3 Bf5 5. Bb2 h6 6. Be2 e6 7. O-O Nbd7 8. cxd5 ({RR} 8. d4 Bd6 9. Nbd2 Qb8 10. c5 Bc7 11. b4 g5 12. g3 O-O 13. b5 Ne4 14. Nxe4 Bxe4 15. Nd2 Bh7 16. Qa4 cxb5 17. Qxb5 Qc8 18. Ba3 Nb8 19. Bd3 Bxd3 20. Qxd3 Nc6 21. Rab1 Rb8 22. Rb5 f5 {½-½ Lie,K (2560)-Hammer,J (2606) NOR-chT 1112 2011 (9)}) 8... exd5 ({RR} 8... cxd5 9. Ne5 Nxe5 10. Bxe5 Bd6 11. Bb5+ Ke7 12. d4 Ng4 13. Bg3 h5 14. Be2 Bxg3 15. hxg3 Rc8 16. Qd2 Rc2 17. Qb4+ Kf6 18. Bd1 Rc1 19. Qd2 Qc7 20. f3 Nxe3 21. Qxe3 Rxb1 22. Rxb1 Bxb1 23. Be2 {0-1 Doluhanova,E (2192)-Girya,O (2443) Cheliabinsk Lozovatsky Memorial-A 2021 (1)}) 9. d3 Bc5 ({RR} 9... Bd6 10. Nbd2 O-O 11. a3 a5 12. Re1 Re8 13. Qc2 Bg6 14. Bc3 Qe7 15. Qb2 Ne5 16. Nxe5 Bxe5 17. Bxe5 Qxe5 18. Qxe5 Rxe5 19. b4 a4 20. Rec1 Ree8 21. Nf3 Bf5 22. Ra2 Rec8 23. Rac2 Kf8 24. Nd4 {½-½ Daly,C (2140)-Petrenko,M (1750) Irish Int Open 2024 (5)}) 10. Ne5 $146 ({RR} 10. Nbd2 O-O 11. a3 a5 12. Re1 Re8 13. Bf1 Bg6 14. Bc3 Qe7 15. Qc1 Bd6 16. Qb2 Qf8 17. h3 Bh7 18. Rec1 Ra7 19. Re1 Bg6 20. Nh4 Bh7 21. Nhf3 Bg6 22. b4 axb4 23. axb4 Rxa1 24. Rxa1 Ra8 {1-0 Benkovic,P (2413)-Drazic,S (2471) Srajber Memorial 07th 2001 (10)}) 10... Nxe5 11. Bxe5 Qe7 12. d4 Bd6 13. Bxd6 Qxd6 14. Nc3 O-O 15. a3 Ne4 16. Nxe4 Bxe4 17. b4 a5 18. b5 c5 19. dxc5 Qxc5 20. Qd2 Rfc8 21. Rfc1 Qb6 22. Rc3 Rxc3 23. Qxc3 Rd8 24. Rd1 Rd7 25. f3 Bf5 26. Qe5 Qe6 27. Qb8+ Kh7 28. Qf4 Bg6 29. Kf2 Qe7 30. a4 Qa3 31. h4 h5 32. Rd4 Rd6 33. Qg5 Re6 34. Qf4 Rf6 35. Qg5 Re6 36. Qf4 Rf6 37. Qg5 1/2-1/2